Sports Quiz

Random Sports Quiz
Score 0/10 Timer 05:00
0 Plays Today
% Correct
Valencia Street Circuit
73.8%
Reims-Gueux Circuit
62.6%
Brooklands
32%
Nivelles-Baulers Circuit
24.8%
Fuji Speedway (NASCAR)
14.1%
Nazareth Speedway
14.1%
North Wilkesboro Speedway
13.6%
Keimola Motor Stadium
6.8%
I-70 Speedway
1.5%
Metrolina Speedway
1%
Remove Ads.
Support Sporcle.
Get the best of Sporcle when you Go Orange. This ad-free experience offers more features, more stats, and more fun while also helping to support Sporcle. Thank you for becoming a member.

You're not logged in!

Compare scores with friends on all Sporcle quizzes.
OR
Log In

Show Comments

Extras

Top Quizzes Today


Score Distribution

Your Account Isn't Verified!

In order to create a playlist on Sporcle, you need to verify the email address you used during registration. Go to your Sporcle Settings to finish the process.

Report this User

Report this user for behavior that violates our Community Guidelines.

Details: